| 000 | 00900nam a2200241 a 4500 | ||
|---|---|---|---|
| 005 | 20210219160040.0 | ||
| 008 | 080620s1985 mx r 000 0 spa d | ||
| 020 | _a9282010376 | ||
| 035 | _aUPN01000157230 | ||
| 049 | _aUNE | ||
| 080 | _a374 (100) =20 SHA No.11. | ||
| 100 | 1 | _aShavelson, Richard J. | |
| 245 | 1 | 0 |
_aEvaluation of nonformal education programs : _bThe applicability and utility of the criterion-sampling approach / _cRichard J. Shavelson, Michel Brophy, Jiyono and Joseph O. Obemeata. |
| 260 |
_aHamburg : _bUNESCO, _c1985. |
||
| 300 |
_a160 p. : _bfot. |
||
| 440 | 0 |
_aUIE Monographs ; _v11 |
|
| 690 | _aEducacion no formal - Programas de educacion | ||
| 690 | _aEvaluacion de la educacion - Educacion no formal | ||
| 700 | 1 |
_aBrophy Jiyono, Michel _ecoaut. |
|
| 700 | 1 |
_aObemeata, joseph O. _ecoaut |
|
| 710 | 2 |
_aUNESCO. _bInstitute for Education Hamburg. |
|
| 905 | _aUNESCO | ||
| 999 |
_c129344 _d129344 |
||